000 02483cam a22005534i 4500
003 PE-LiUPU
005 20250731172924.0
008 150706s r 000 0 d
020 _a0820401579
035 _a(Sirsi) i9780820401577
040 _aPE-LiUPU
_bspa
_cPE-LiUPU
_erda
049 _aPRUA
050 0 0 _aBT198
_b.W38 1984
082 0 4 _a232.09
_bC59
_221
100 1 _aWebster, Eric Claude,
_d1927- ,
_eautor.
245 1 0 _aCrosscurrents in adventist Christology /
_cEric Claude Webster.
264 1 _aNew York :
_bP. Lang,
_c1984.
300 _a506 páginas ;
_c23 centímetros
336 _atext
_2rdacontent
337 _aunmediated
_2rdamedia
338 _avolume
_2rdacarrier
504 _aIncluye bibliografía.
505 0 _aHistorical perspective and adventist orientation -- The Cristology of Ellen Gould White -- The Chistology of Ellen Joseph Waggoner -- The Christology of Edwadr Heppenstall -- The Cristology of Heberth Douglass -- In Summary and in reflection.
526 _aSEG42
526 _aSEG41
526 _aSEG40
526 _aSEG39
526 _aP94
526 _aP87
526 _aP86
526 _aP85
526 _aP77
526 _aP76
526 _aP35
650 0 4 _aAdventistas del Séptimo Día
_xDoctrinas.
650 0 4 _aJesucristo
_xHistoria de las doctrinas
_ySiglo XIX.
650 0 4 _aJesucristo
_xHistoria de las doctrinas
_ySiglo XX.
910 _agl
_bjv
_cng
_d20120315
942 _2ddc
_cBOOK
949 _a232.09 C59
_wDEWEY
_c1
_i64387
_lCIA
_mBWL
_p20.00
_r1
_sY
_tBOOK
_u2015-7-6
_xWHITE
_zUNKNOWN
_o.STAFF. Colección General
949 _a232.09 W35
_wDEWEY
_c1
_i43854
_f2017-2-14
_g1
_lCCODEBUL1
_mBUL
_r0
_sY
_tBOOK
_u2015-6-24
_xTEOLOGIA
_PP35
_0COMPRA
_o.STAFF. Colección General
949 _a232.09 W35
_wDEWEY
_c2
_i49842
_f2017-2-14
_g1
_lCCODEBUL1
_mBUL
_r0
_sY
_tBOOK
_u2015-6-24
_xTEOLOGIA
_PP35
_0COMPRA
_o.STAFF. Colección General
994 _aC0
_bPEPRU
596 _a1 4
999 _a232.09 W35
_wDEWEY
_c20255
_i43854
_f2021-11-10
_g5
_lCCODEBUL1
_mBUL
_r0
_sY
_tBOOK
_u2015-6-24
_xTEOLOGIA
_PP35
_0COMPRA
_o.STAFF. Colección General
_d20255
999 _a232.09 W35
_wDEWEY
_c2
_i49842
_f2021-11-10
_g5
_lCCODEBUL1
_mBUL
_r0
_sY
_tBOOK
_u2015-6-24
_xTEOLOGIA
_PP35
_0COMPRA
_o.STAFF. Colección General
999 _a232.09 C59 1984
_wDEWEY
_c1
_iCW64387
_f2021-12-22
_g2
_lCCODECWL1
_mBWL
_p20.00
_r0
_sY
_tBOOK
_u2015-7-6
_xWHITE
_zUNKNOWN
_o.STAFF. Centro White
980 _81
_gALBERTO SANCHEZ Responsable de Automatización